| 000 | 00717nam a22002297a 4500 | ||
|---|---|---|---|
| 003 | URS | ||
| 005 | 20240425185421.0 | ||
| 008 | 240418t2018 ph ||||| |||| 00| 0 eng d | ||
| 020 | _a9789710742059 | ||
| 040 |
_aDLC _beng _cDLC _dDLC _dURS _erda |
||
| 082 |
_a004 _bL9686 2018 |
||
| 100 | _aLujero, Rosalie P. | ||
| 245 |
_aEmpowerment Technologies / _cRosalie P. Lujero. |
||
| 264 |
_aPhilippines: _bVibal Group, Inc., _c[2018] |
||
| 300 |
_ax, 166 pages; _c26 cm. |
||
| 336 |
_2rdacontent _atext _btxt |
||
| 337 |
_2rdamedia _aunmediated _bn |
||
| 338 |
_2rdacarrier _avolume _bnc |
||
| 504 | _aIncludes bibliographical references (page 165), glossary and index | ||
| 650 | _aEmpowerment Technologies | ||
| 942 |
_2ddc _cF |
||
| 999 |
_c78247 _d78246 |
||